Zaktualizowane: Szkolne przedmioty - Statystyki

Ogólne statystyki
  • Ten quiz został rozwiązany 2 081 razy
    1 932 od ostatniego zresetowania
  • Średni wynik to 12 z 17
Statystyki odpowiedzi
Hint Odpowiedź % Poprawnych
1 Polski
95%
2 Matematyka
94%
3 Angielski
92%
13 Biologia
87%
11 Chemia
87%
8 W-F
87%
9 Fizyka
86%
12 Historia
84%
10 Geografia
83%
6 Plastyka
78%
5 Muzyka
73%
4 Religia
68%
7 Informatyka
66%
15 Przyroda
61%
17 Wiedza o Spoleczeństwie
45%
14 Etyka
33%
16 Godzina Wychowacza
2%
Nie znaleziono quizów pasujących do podanych kryteriów
Rozkład punktacji
Procent ludzi z każdym wynikiem
Percentyl według liczby udzielonych odpowiedzi
Twoja historia wyników
Nie rozwiązałeś tego quizu od ostatniego zresetowania